Radhā-Mādhava / (Record no. 76334)

MARC details
000 -LEADER
fixed length control field 00597cam a2200205 a 4500
001 - CONTROL NUMBER
control field sa 67007068
003 - CONTROL NUMBER IDENTIFIER
control field DLC
005 - DATE AND TIME OF LATEST TRANSACTION
control field 20260227112412.0
008 - FIXED-LENGTH DATA ELEMENTS--GENERAL INFORMATION
fixed length control field 060314s1965 ii af 000 p hino
010 ## - LIBRARY OF CONGRESS CONTROL NUMBER
LC control number sa 67007068
035 ## - SYSTEM CONTROL NUMBER
System control number (OCoLC)ocm23562108
040 ## - CATALOGING SOURCE
Original cataloging agency DLC
Transcribing agency DLC
050 00 - LIBRARY OF CONGRESS CALL NUMBER
Classification number PK2098.A354
Item number R33 1965
100 1# - MAIN ENTRY--PERSONAL NAME
Personal name Agravāla, Śānti,
Dates associated with a name 1920-
245 10 - TITLE STATEMENT
Title Radhā-Mādhava /
Statement of responsibility, etc. Śānti Agravāla.
260 ## - PUBLICATION, DISTRIBUTION, ETC.
Place of publication, distribution, etc. Barelī :
Name of publisher, distributor, etc. Śānti Prakāśana,
Date of publication, distribution, etc. 1965.
300 ## - PHYSICAL DESCRIPTION
Extent [17], 102 p., [1] leaf of plates :
Other physical details ill. ;
Dimensions 18 cm.
546 ## - LANGUAGE NOTE
Language note In Hindi.
650 #0 - SUBJECT ADDED ENTRY--TOPICAL TERM
Topical term or geographic name entry element Krishna (Hindu deity)
Form subdivision Poetry.

No items available.

Powered by Koha